The economics of social insurance and employee benefits
Enregistré dans:
| Auteur principal: | |
|---|---|
| Format: | Livre |
| Langue: | Undetermined |
| Publié: |
Norwell, MA
Klwer Academic
1999
|
| Sujets: | |
| Tags: |
Ajouter un tag
Pas de tags, Soyez le premier à ajouter un tag!
|
| Thư viện lưu trữ: | Trung tâm Học liệu Trường Đại học Cần Thơ |
|---|
| LEADER | 00551nam a2200181Ia 4500 | ||
|---|---|---|---|
| 001 | CTU_56186 | ||
| 008 | 210402s9999 xx 000 0 und d | ||
| 082 | |a 331.25'5 | ||
| 082 | |b B987 | ||
| 100 | |a Richard J. Butler | ||
| 245 | 4 | |a The economics of social insurance and employee benefits | |
| 245 | 0 | |c Richard J. Butler | |
| 260 | |a Norwell, MA | ||
| 260 | |b Klwer Academic | ||
| 260 | |c 1999 | ||
| 650 | |a employee fringe benefits,social security | ||
| 650 | |z united states,united states | ||
| 980 | |a Trung tâm Học liệu Trường Đại học Cần Thơ | ||